Регионална библиотека "Любен Каравелов" - Русе

Карнавал на животните (Запис номер 461351)

MARC детайли
000 -Лидер
Контролно поле с фиксирана дължина 01782nam a2200373 a 4500
003 - Код на организацията, давaща контролен номер
Контролно поле BLK
005 - Дата и час на последна редакция
Контролно поле 20250710111510.0
008 - Елементи от данни с фиксирана дължина
fixed length control field 180412b bul rap|r|||| r0| ||bulo|
020 ## - Международен стандартен номер на книга ISBN
Международен стандартен номер на книга ISBN 3800083830061
020 ## - Международен стандартен номер на книга ISBN
Международен стандартен номер на книга ISBN 9786191996759
040 ## - Източник на каталожния запис
Идентификатор на билиотеката - собственик на записа BLK
041 ## - Код за език
Код за езика на текст/звукозапис или на отделно заглавие Български
Код за езика КДБФ Български
080 ## - УДК
Текстов определител УДК Музика
УДК код - определител по УДК 78
УДК определител (02.053.2)
УДК - код + определител 78(02.053.2)
100 ## - Редна дума - Автор
Автор Флинт, Кати
Авторска отговорност първи автор
R(LIN) 402515
139 ## - Редно поле
Редна дума Флинт, Кати
Авторски знак Кот - К 87
245 10 - Сведения за заглавието
Заглавие Карнавал на животните
Подзаглавни данни Весела музикална фантазия, разказана от оркестър
Редно поле (дума) текст Кати Флинт ; ил. Джесика Кортни-Тикъл ; прев. Екатерина Иванова
257 ## - Страна на издаване
Страна на създаване/издаване България
260 ## - Област на издателските данни
Място на издаване, разпространение и проч. София
Име на издателя, разпространителя и проч. Фют
Година на издаване 2021
9 (RLIN) 209475
Издателство - префикс ISBN 978-619-199- ; 978-954-625-
Печатница (Китай)
300 ## - Физическа характеристика
Страници 22 с.
Илюстрации и др. с цв. ил.
Размери/Мащаб 28 x 31 см
380 ## - Жанр
Жанр Детска отраслова лит.
500 ## - Общи забележки
Забележка Кор. опис.<br/>Ориг. загл.: The story orchestra: Carnival of the Animals / Katy Flint<br/>Възприетата форма на името на прев. Екатерина Иванова е Екатерина Иванова Латева<br/>предшно име на авт. Kати Котън <br/>Нестандартно оформление: с муз. кутия
650 #7 - Допълнително описание по предмет – тема
Основно описание – тема или топоним Музика
9 (RLIN) 162855
653 ## - Ключова дума – ненормативна
Ключова дума музика
700 ## - Други автори (авторска отговорност)
Лично име Кортни-Тикъл, Джесика
Автороска отговорност (Описва отношението между автора и произведението) ил.
9 (RLIN) 599
700 ## - Други автори (авторска отговорност)
Лично име Иванова, Екатерина
Автороска отговорност (Описва отношението между автора и произведението) прев. от англ.
9 (RLIN) 1021
852 ## - Местоположение
Фондова буква Детски отдел
Систематично-азбучна сигнатура 78/К 87 К
852 ## - Местоположение
Форматна сигнатура Цб ІІ 31332
Фондова буква Хранилище
856 4# - Електронен адрес и достъп
Електронен формат pdf - файл
Път до файла /url/
Инструкция (цена за достъп) 0.00
Права за достъп disable
856 4# - Електронен адрес и достъп
Електронен формат pdf - файл
Път до файла /url/
Инструкция (цена за достъп) 0.00
Права за достъп disable
999 ## - СИСТЕМНИ КОНТРОЛНИ НОМЕРА
Koha biblionumber 461351
Koha biblioitemnumber 461351
942 ## - АРТИКУЛИ
Вид на библиотечния материал Книги
Скрит в OPAC Не
Периодичен библиозапис Да
Koha issues (borrowed), all copies 45
944 ## - СЪЗДАВАНЕ И РЕДАКЦИЯ на ЗАПИСА
Дата на регистрацията/редакция 2022-06-15
Служител, извършил регистрацията/редакцията 30551
Статус, дата на статуса Бояна Костадинова
999 ## - СИСТЕМНИ КОНТРОЛНИ НОМЕРА
Koha biblioitemnumber 461351
999 ## - СИСТЕМНИ КОНТРОЛНИ НОМЕРА
Koha biblioitemnumber 461351
Наличности
Код за отписване Код за изгубен артикул Източник на класификационната схема Код за повреда Коз за рестрикции Код за отдаване Артикулен № Име на библиотеката - собственик Име на библиотеката, в която се намира в момента Статус (Текущо местоположение) Дата на вписване в системата Местоположение - отдел Цена в лева Систематично азбучна сигнатура Баркод Цена в евро Служебен тип на артикула
  Не е изгубен Universal Decimal Classification Не е повреден без рестрикции заемане за дома 889803 Регионална библиотека "Любен Каравелов" Русе Регионална библиотека "Любен Каравелов" Русе Детски отдел 2022-06-15 Детски отдел 21.76 78/К 87 К 120000872798 11.13 Книги
  Не е изгубен Universal Decimal Classification Не е повреден без рестрикции заемане за дома 891769 Регионална библиотека "Любен Каравелов" Русе Регионална библиотека "Любен Каравелов" Русе Детски отдел 2022-06-24 Детски отдел 21.75 78/К 87 К 120000872828 11.12 Книги
  Не е изгубен Universal Decimal Classification Не е повреден само за читалня ползва се в читалня 918214 Регионална библиотека "Любен Каравелов" Русе Регионална библиотека "Любен Каравелов" Русе Хранилище 2022-12-13 Хранилище 10.00 Цб ІІ 31332 120000879308 5.11 Книги
Vip Innovations Ltd, Rousse, Bulgaria 2025